Compendio de Derecho Público Constitucional, Administrativo y Fiscal
Gardado en:
| Autor Principal: | |
|---|---|
| Formato: | Libro |
| Idioma: | Lingua castelá |
| Publicado: |
Buenos Aires
Depalma
1952
|
| Subjects: | |
| Tags: |
Engadir etiqueta
Sen Etiquetas, Sexa o primeiro en etiquetar este rexistro!
|
MARC
| LEADER | 00000nam a2200000 a 4500 | ||
|---|---|---|---|
| 001 | UCT9738 | ||
| 003 | CL-VaPUC | ||
| 005 | 20240410164446.0 | ||
| 008 | 970411e19520000AG |||||||||||||||||spa|d | ||
| 999 | |c 258117 |d 258115 | ||
| 040 | |c Pontificia Universidad Católica de Valparaíso | ||
| 082 | 0 | 4 | |a 342 BIE 1952 |2 21 |
| 100 | 0 | |a Bielsa, Rafael |9 382695 | |
| 245 | 1 | 0 | |a Compendio de Derecho Público Constitucional, Administrativo y Fiscal |
| 260 | |a Buenos Aires |b Depalma |c 1952 | ||
| 300 | |a 386 páginas | ||
| 583 | |a last modification |c 19970411 00:00:00 |k Rodrigo Vera | ||
| 650 | 0 | |a Constituciones |9 255417 | |
| 650 | 0 | |a Derecho público |9 255910 | |
| 650 | 0 | |a Derecho administrativo |9 254851 | |
| 650 | 0 | |a Derechos civiles y políticos |9 338684 | |
| 650 | 0 | |a Soberanía |9 266726 | |
| 650 | 0 | |a Poder legislativo |9 258808 | |
| 650 | 0 | |a Parlamento |9 338611 | |
| 650 | 0 | |a Poder ejecutivo |9 255177 | |
| 650 | 0 | |a Poder judicial |9 254871 | |
| 942 | |c BK |2 ddc | ||
| 945 | |d 19970411 00:00:00 |a paguirre | ||
| 952 | |0 0 |1 0 |2 ddc |4 0 |6 342_000000000000000_BIE_1952 |7 0 |8 A |9 281937 |a BIBDER |b BIBDER |d 2019-11-19 |i 1829416 |o 342 BIE 1952 |p 1829416 |r 2019-11-19 |t 1 |w 2019-11-19 |y BK |k DER | ||